Vitamín C proti vráskam a proti stresu neznesiteľná ľahkosť zdravia ...

Bibliographic Details
Main Author: Trnková, Jitka (Author)
Format: Article
Language:Slovak
PhysicalDescription:Obr.
Subjects:

MARC

LEADER 00000nab a2200000 a 4500
001 vtls000835302
003 SK-MaSNL
005 20260304123438.0
008 250429c2002 xo 0 slo
015 |a SNBRB2003/05-ccccc 
035 |a CLN000186957 
035 |a urn:nbn:sk:snk-ab2jjx 
035 |a (urnnbn)urn:nbn:sk:snk:ar-a02ia2 
035 |a (uuid)a4feab92-a4ad-43b3-8be1-41e044a3e124 
040 |a SNKBUCL  |b slo  |c SNKBUCL  |e AACR2 
041 0 |a slo 
044 |a xo  |c SK 
080 |a 577.164.2:615.035.4  |2 1997 
100 1 |a Trnková, Jitka  |4 aut  |9 1400817 
245 1 0 |a Vitamín C proti vráskam a proti stresu  |b neznesiteľná ľahkosť zdravia ...  |c Jitka Trnková 
300 |b Obr. 
650 0 7 |a vitamín C  |2 snkbucl  |9 13957 
650 0 7 |a starnutie kože  |2 snkbucl  |9 858423 
650 0 7 |a stres  |2 snkbucl  |9 14472 
650 0 7 |a prevencia primárna  |2 snkbucl  |9 842114 
650 0 7 |a farmakoterapia  |2 snkbucl  |9 14158 
650 0 7 |a vápnik  |2 snkbucl  |9 16292 
650 0 7 |a askorbát vápenatý  |2 snkbucl  |9 1432363 
650 0 7 |a Bio-Vitamín C Forte  |2 snkbucl  |9 1432364 
655 7 |a články z novín a časopisov  |2 snkbucl  |9 267496 
773 0 |t Lekárnik  |g Roč. 7, č. 10 (2002), s. 48 
850 |a Slovenská národná knižnica 
852 |a Slovenská národná knižnica 
954 |a odborná, vedecká literatúra pôvodná (slovenská)  |2 lita 
958 |a article27 
958 |a OND 
958 |a MI 
958 |a EUIPO 
992 |a RBX 
999 |c 2889529  |d 2891459